Ciencia, sociedad y economía / redes y empresarialidad /

Libro donde se plantea una reflexión teórica y epistemológica acerca de la objetividad de conocimiento, a partir de teorías sociales, económicas y posturas filosóficas.

Αποθηκεύτηκε σε:
Λεπτομέρειες βιβλιογραφικής εγγραφής
Κύριος συγγραφέας: Brunet Icart, Ignasi (autor)
Άλλοι συγγραφείς: Pastor Gosálbez, Inma (autor) (autor)
Μορφή: Βιβλίο
Γλώσσα:Ισπανικά
Έκδοση: Madrid, España : Fundamentos 2003, c2003
Σειρά:(Ciencia. Política y Sociología)
Θέματα:
Ετικέτες: Προσθήκη ετικέτας
Δεν υπάρχουν, Καταχωρήστε ετικέτα πρώτοι!

MARC

LEADER 00000nam^a2200000^a^4500
001 000183658
005 20250521000000.0
009 20260310102048.149
020 |a 84-245-0949-8 
037 |a Acervo ITESO - Biblioteca 
041 |a ESP 
082 |a 303. 483  |b BRU 
100 |a Brunet Icart, Ignasi  |e (autor) 
245 1 0 |a Ciencia, sociedad y economía /  |b redes y empresarialidad /  |c I. Brunet Icart, I. Pastor Gosálbez. 
264 4 |a Madrid, España :  |b Fundamentos  |c 2003, c2003 
300 |a 363 p. 
336 |a texto  |b txt  |2 rdacontenido 
337 |a sin mediación  |b n  |2 rdamedio 
338 |a volumen  |b nc  |2 rdasoporte 
440 1 |a (Ciencia.  |p Política y Sociología) 
520 |a Libro donde se plantea una reflexión teórica y epistemológica acerca de la objetividad de conocimiento, a partir de teorías sociales, económicas y posturas filosóficas. 
649 |a XX 
650 |a Sociología de la Ciencia 
650 |a Objetividad y Subjetividad en la Ciencia 
650 |a Epistemología 
650 |a Sociología de la Economía 
650 |a Sociología del Conocimiento 
650 |a Sociología 
700 |a Pastor Gosálbez, Inma  |e (autor) 
910 |a Fondo General 
920 |a Impresos - Libros 
930 |a Colección General 
905 |a 101 
901 |a 0500124038  |b IT1  |c ACC  |u 20250521 
902 |a https://opac.biblio.iteso.mx/vufind/Record/000183658